| 000 | 01002nam a22002177a 4500 | ||
|---|---|---|---|
| 003 | OSt | ||
| 005 | 20260311033309.0 | ||
| 008 | 260311b |||||||| |||| 00| 0 eng d | ||
| 020 | _a9780448095295 | ||
| 040 |
_aDWCL GS lib _cOC |
||
| 082 | _aFic. K26m 1996 | ||
| 100 | _aKeene Carolyn | ||
| 245 |
_aMystery At The Ski Jump _cCarolyn Keene |
||
| 260 |
_aNew York _bCarolyn Keene _c1952 |
||
| 300 |
_aExtent- vii, 176 pages: _billustrations ; _c20cm |
||
| 520 | _afollows teenage detective Nancy Drew as she tracks a ring of fur thieves and a dangerous impostor, Mitzi Channing, who is using Nancy's name to swindle people. | ||
| 650 | _aNancy, along with her friends Bess Marvin and George Fayne, as they investigate a group of fur thieves. The plot involves an imposter using Nancy's name, adding personal stakes to the investigation. | ||
| 650 | _aintegrity, the value of authenticity, and the importance of perseverance in the face of danger. | ||
| 700 | _aCarolyn Keene | ||
| 942 |
_2ddc _cFIC. _n0 |
||
| 999 |
_c8919 _d8919 |
||